000 00797cab a2200217 4500
001 W6395
008 090401t1993 xxu||||| |||| 00| 0 eng d
035 _a(Sirsi) u76016
041 _aeng
245 _aRight to buy
260 _c1993
350 _a0
490 _aEstates Gazette Case Summaries
_v1993 EGCS 191(1) (27/11/93)
520 _aIn "Hadjiconstantinou v Charalambous and another" ChD 12 November 1993, an order for specific performance of a completion agreement between the freeholder (a former secure tenant of the plaintiff who exercised his right to buy under the Housing Act 1980) and the plaintiff was made.
650 _aHOUSING ACT 1980
650 _aRIGHT TO BUY
650 _aSPECIFIC PERFORMANCE
690 _aHOUSING-CASE LAW
942 _n0
948 _c04/03/1997
999 _c47827
_d47827